[Event "CP-2021-S-00001"]
[Site "LSS email"]
[Date "2021.01.26"]
[Round "?"]
[White "Yarmolyuk, Yury"]
[Black "Misericordia, Antonio"]
[Result "1/2-1/2"]
[WhiteElo "2295"]
[BlackElo "2305"]
[PlyCount "93"]
[EventDate "2021.01.26"]
[EventType "tourn (corr)"]
[EventRounds "7"]
[EventCountry "GER"]
[SourceTitle "Corr 2024"]
[Source "ChessBase"]
[SourceDate "2023.10.19"]
[SourceVersion "1"]
[SourceVersionDate "2023.10.19"]
[SourceQuality "1"]

1. e4 e6 2. d4 d5 3. Nd2 c5 4. exd5 exd5 5. Ngf3 Nf6 6. Bb5+ Bd7 7. Bxd7+ Nbxd7 8. 0-0 Be7 9. dxc5 Nxc5 10. Re1 0-0 11. Nf1 Re8 12. Be3 Qb6 13. Rb1 Qc6 14. h3 Nfe4 15. N1d2 Rad8 16. Nb3 b6 17. Nbd4 Qc8 18. Ne5 Bf6 19. Nec6 Rd7 20. c3 h6 21. Qc2 Ne6 22. Rbd1 Nd6 23. Qd3 Nc5 24. Qc2 Ne6 25. Qd3 Nc5 26. Qb1 Ne6 27. a4 Nc4 28. Bc1 Bxd4 29. Nxd4 Nxd4 30. cxd4 Rd6 31. b3 Na5 32. Bf4 Rf6 33. Be3 Rfe6 34. Rc1 Nc6 35. Red1 Rg6 36. Kh2 Qe6 37. Rc3 Qd6+ 38. Kh1 Qf6 39. Qd3 Nb4 40. Qb5 Qe7 41. Rdc1 a6 42. Qf1 a5 43. Rc8 Qe4 44. Rxe8+ Qxe8 45. Rc3 Qe6 46. Qd1 Qf5 47. Qd2 1/2-1/2

[Event "CP-2019-Q-00007"]
[Site "LSS email"]
[Date "2019.11.27"]
[Round "?"]
[White "Boni, Roberto"]
[Black "Yarmolyuk, Yury"]
[Result "1/2-1/2"]
[WhiteElo "2157"]
[BlackElo "2292"]
[PlyCount "73"]
[EventDate "2019.12.01"]
[EventType "tourn (corr)"]
[EventRounds "6"]
[EventCountry "GER"]
[SourceTitle "Corr 2022"]
[Source "ChessBase"]
[SourceDate "2021.10.24"]
[SourceVersion "1"]
[SourceVersionDate "2021.10.24"]
[SourceQuality "1"]

1. e4 c5 2. Nf3 Nc6 3. d4 cxd4 4. Nxd4 Nf6 5. Nc3 e5 6. Ndb5 d6 7. Bg5 a6 8. Na3 b5 9. Nd5 Be7 10. Bxf6 Bxf6 11. c3 Bg5 12. Nc2 Rb8 13. a4 bxa4 14. Ncb4 Nxb4 15. Nxb4 Bd7 16. Bxa6 Qa5 17. Qxd6 Rb6 18. Qd3 Be7 19. Nd5 Rxb2 20. 0-0 Qc5 21. c4 0-0 22. Bb5 Bxb5 23. cxb5 Bd8 24. Rxa4 Qxb5 25. Qxb5 Rxb5 26. Rd1 g6 27. Ra6 Kg7 28. Ra7 h5 29. g3 Rb2 30. Kg2 Re8 31. Ra6 Bg5 32. Rda1 Rc8 33. R1a2 Rcc2 34. Rxb2 Rxb2 35. h4 Bd2 36. Kf1 Rc2 37. Ra7 1/2-1/2

[Event "CP-2019-Q-00007"]
[Site "LSS email"]
[Date "2019.11.27"]
[Round "?"]
[White "Pech, Stepan"]
[Black "Yarmolyuk, Yury"]
[Result "0-1"]
[WhiteElo "1804"]
[BlackElo "2292"]
[PlyCount "56"]
[EventDate "2019.12.01"]
[EventType "tourn (corr)"]
[EventRounds "6"]
[EventCountry "GER"]
[SourceTitle "Corr 2022"]
[Source "ChessBase"]
[SourceDate "2021.10.24"]
[SourceVersion "1"]
[SourceVersionDate "2021.10.24"]
[SourceQuality "1"]

1. d4 Nf6 2. c4 e6 3. Nc3 d5 4. Nf3 c6 5. e3 Nbd7 6. Bd3 dxc4 7. Bxc4 b5 8. Bd3 Bb7 9. 0-0 a6 10. e4 c5 11. d5 Qc7 12. dxe6 fxe6 13. Bc2 Bd6 14. Ng5 Nf8 15. f4 0-0-0 16. Qe2 h6 17. Nf3 Bxf4 18. e5 Bxf3 19. Qxf3 Bxe5 20. Qa8+ Kd7 21. Qxa6 b4 22. Nb5 Bxh2+ 23. Kh1 Qe5 24. Rf3 Bg3 25. Be3 Ke7 26. Kg1 Kf7 27. Rc1 Rd5 28. Bb3 N8d7 0-1

[Event "CP-2019-Q-00007"]
[Site "LSS email"]
[Date "2019.11.27"]
[Round "?"]
[White "Yarmolyuk, Yury"]
[Black "Grabowski, Benedykt"]
[Result "1-0"]
[WhiteElo "2292"]
[BlackElo "1758"]
[PlyCount "91"]
[EventDate "2019.12.01"]
[EventType "tourn (corr)"]
[EventRounds "6"]
[EventCountry "GER"]
[SourceTitle "Corr 2022"]
[Source "ChessBase"]
[SourceDate "2021.10.24"]
[SourceVersion "1"]
[SourceVersionDate "2021.10.24"]
[SourceQuality "1"]

1. Nf3 Nf6 2. d4 d5 3. c4 c6 4. Nc3 e6 5. Bg5 h6 6. Bxf6 Qxf6 7. e3 Nd7 8. Be2 dxc4 9. 0-0 Qd8 10. Bxc4 Be7 11. Qc2 0-0 12. Rac1 b5 13. Be2 Bb7 14. Rfd1 b4 15. Ne4 Qc7 16. Nfd2 Rfd8 17. Nb3 a5 18. Nbc5 Nxc5 19. Nxc5 Bxc5 20. Qxc5 Rd5 21. Qc2 a4 22. Bf3 Rda5 23. Qd2 Qd6 24. Rc4 Rb5 25. Rdc1 Rb6 26. Rc5 Re8 27. Qd1 Ra8 28. h3 a3 29. b3 Rc8 30. Be4 Rc7 31. Qe1 Ba6 32. f4 Rc8 33. Kh2 g6 34. h4 f5 35. Bf3 Kh7 36. g4 Bd3 37. Qd2 fxg4 38. Qxd3 gxf3 39. h5 Rg8 40. hxg6+ Rxg6 41. Rg1 e5 42. Rxg6 Qxg6 43. Qxg6+ Kxg6 44. dxe5 Kf5 45. Kg3 f2 46. Kxf2 1-0